| 000 | 01205nam a2200229Ia 4500 | ||
|---|---|---|---|
| 001 | L221-4849 | ||
| 003 | IT-CnALBA | ||
| 008 | 170116s9999||||xx |||||||||||||| ||und|| | ||
| 040 |
_aIT-CnALBA _cIT-CnALBA |
||
| 041 | _aITALIANO | ||
| 100 | _aGALBIATI ENRICO, MONS. | ||
| 245 | 0 | _aPAGINE DIFFICILI DELLA BIBBIA. ANTICO TESTAMENTO. | |
| 250 | _a3a ed. | ||
| 260 |
_aPARIS _bDARAGON H., EDITEUR. PARIS _c1954 [1° Ed.: n.d.] |
||
| 300 | _a398 p. (prefazione: 512) | ||
| 500 | _aBIBBIA E LETTERATURA. STORIA E LETTERATURA NELLA BIBBIA. CREAZIONE E SCIENZA. PECCATO ORIGINALE. ESEGESI DI GENESI 1 3 E LA TRADIZIONE ECCLESIASTICA. ANTICO TESTAMENTO E PREISTORIA. ANTICO TESTAMENTO E STORIA. MIRACOLI NELL'ANTICO TESTAMENTO. LA VERA RELI | ||
| 501 | _aSocietà San Paolo EM - Piazza San Paolo, 14 - 12051 ALBA (CN) (non commercial uses only) ® Copyright 2017 | ||
| 520 | _aBIBBIA E LETTERATURA. STORIA E LETTERATURA NELLA BIBBIA. CREAZIONE E SCIENZA. PECCATO ORIGINALE. ESEGESI DI GENESI 1 3 E LA TRADIZIONE ECCLESIASTICA. ANTICO TESTAMENTO E PREISTORIA. ANTICO TESTAMENTO E STORIA. MIRACOLI NELL'ANTICO TESTAMENTO. LA VERA RELI | ||
| 650 | _aANTICO TESTAMENTO | ||
| 942 | _cBK | ||
| 957 | _71 | ||
| 999 |
_a5832 _bNO _g Copie: 1 _c264040 _d264040 |
||